000 00763cam a2200241 a 4500
001 000015430
005 20200929164035.0
008 840621s1969 sp 000 0 spa d
035 _a(DLC) 77262811
040 _aDO-SdBNP
_cCarP
_dDLC
_dBNPHU
082 _a150.195
_bC352p
100 1 _aCastilla del Pino, Carlos,
_d1922-2009
_929629
245 1 0 _aPsicoanálisis y marxismo /
_cCarlos Castilla del Pino.
260 _aMadrid :
_bAlianza Editorial,
_c1969.
300 _a203 p. ;
_c19 cm.
490 1 _aEl libro de bolsillo
490 1 _aHumanidades
_v213
650 4 _aPsicoanalisis
_91958
650 4 _aMaterialismo dialéctico
_9845
830 0 _aEl libro de bolsillo ;
_v213.
_pHumanidades
_98845
910 _aCatalogación por copia / LC
049 _aBNGR
999 _c14988
_d14988